00387nam a2200121Ia 4500003000400000005001700004008004100021040001800062041000800080100004900088245009200137260003600229OSt20260401105621.0211028s2013 xx 000 0 und d cAIMIT LIBRRAY aeng aRego, Bryan Francis;Kairanna, Snehag1116027 aStudy on customer satisfaction regarding service provided by mandovi motors Mangalore / aMangalorebSneha Kairannac2013